Zamestnanosť cudzincov na Slovensku

Počet cudzincov pracujúcich na Slovensku sa od januára 2015 viac ako zdvojnásobil. Pritom jedným z faktorov tohto nárastu môže byť aj štátna pomoc. Investičný stimul v hodnote jedného milióna eur smerujúci do niektorého z okresov v rokoch 2002 – 2016 zamestnal v priemere 5 až 9 pracovníkov z krajín...

ver descrição completa

Na minha lista:
Detalhes bibliográficos
Autor principal: Kališ, Richard, 1991-
Formato: Capítulo de Livro
Idioma:eslovaco
Assuntos:
Tags: Adicionar Tag
Sem tags, seja o primeiro a adicionar uma tag!

MARC

LEADER 00000nla a2200000 4500
001 0239166
005 20240502073855.3
041 0 |a slo 
044 |a SK 
245 1 0 |a Zamestnanosť cudzincov na Slovensku  |c Richard Kališ 
520 |a Počet cudzincov pracujúcich na Slovensku sa od januára 2015 viac ako zdvojnásobil. Pritom jedným z faktorov tohto nárastu môže byť aj štátna pomoc. Investičný stimul v hodnote jedného milióna eur smerujúci do niektorého z okresov v rokoch 2002 – 2016 zamestnal v priemere 5 až 9 pracovníkov z krajín mimo EÚ. Pohľad na vývoj zamestnanosti cudzincov na Slovensku od januára 2015. 
610 2 0 |a zamestnanosť 
610 2 0 |a zamestnávanie cudzincov 
610 2 0 |a Slovensko 
610 2 0 |a pomoc štátna 
610 2 0 |a trh práce 
610 2 0 |a politika zamestnanosti 
100 1 |a Kališ, Richard, 1991-